000
00268nam a22001097a 4500
082
_a
657.42 HOU'I
100
_a
HOULTON, M.L
_9
76317
245
_a
COST AND MANAGEMENT ACCOUNTING AN INTRODUCTION
260
_a
LONDON
_b
HEINAMAN
_c
1973
300
_a
XV, 277P
942
_c
BK
999
_c
581710
_d
581710